|
|
|
|
| LEADER |
01947nam a2200469 i 4500 |
| 001 |
001673271 |
| 003 |
CZ BrMZK |
| 005 |
20190521075110.0 |
| 007 |
ta |
| 008 |
190313s1980 xr e p 000 0 cze |
| 015 |
|
|
|a cnb001101825
|
| 035 |
|
|
|a (OCoLC)85609975
|
| 040 |
|
|
|a ABA001
|b cze
|d ABA001
|c ABA001
|d BOA001
|e rda
|
| 072 |
|
7 |
|a 93/94
|x Dějiny (obecně)
|2 Konspekt
|9 8
|
| 072 |
|
7 |
|a 37.016
|x Učební osnovy. Vyučovací předměty. Učebnice
|2 Konspekt
|9 22
|
| 080 |
|
|
|a 377.8
|2 MRF
|
| 080 |
|
|
|a 93/94
|2 MRF
|
| 080 |
|
|
|a 37.016.026
|2 MRF
|
| 080 |
|
|
|a (075.8)
|2 MRF
|
| 100 |
1 |
|
|a Jílek, Tomáš,
|d 1934-2020
|7 jn20000401277
|4 aut
|
| 245 |
1 |
0 |
|a Příprava učitele na vyučování dějepisu podle nového pojetí výchovně vzdělávací práce /
|c Tomáš Jílek, Václav Michovský
|
| 250 |
|
|
|a Vydání prvé
|
| 264 |
|
1 |
|a Plzeň :
|b Pedagogická fakulta v Plzni,
|c 1980
|
| 300 |
|
|
|a 99 stran ;
|c 29 cm
|
| 336 |
|
|
|a text
|b txt
|2 rdacontent
|
| 337 |
|
|
|a bez média
|b n
|2 rdamedia
|
| 338 |
|
|
|a svazek
|b nc
|2 rdacarrier
|
| 490 |
1 |
|
|a Učební texty vysokých škol
|
| 500 |
|
|
|a Na obálce nad názvem: Pedagogická fakulta v Plzni, katedra českého jazyka a dějepisu
|
| 500 |
|
|
|a 300 výtisků
|
| 521 |
8 |
|
|a Určeno posluchačům aprobace dějepisu, II. a IV. roč. pedagogických fakult
|
| 650 |
0 |
7 |
|a vzdělávání učitelů
|7 ph158324
|2 czenas
|
| 650 |
0 |
7 |
|a dějepis
|7 ph117186
|2 czenas
|
| 650 |
0 |
7 |
|a předmětová didaktika
|7 ph162893
|2 czenas
|
| 655 |
|
7 |
|a učebnice vysokých škol
|7 fd133772
|2 czenas
|
| 700 |
1 |
|
|a Michovský, Václav,
|d 1922-1994
|7 jk01081500
|4 aut
|
| 710 |
2 |
|
|a Pedagogická fakulta v Plzni.
|b Katedra českého jazyka a dějepisu
|7 mzk20191036420
|4 isb
|
| 810 |
2 |
|
|a Pedagogická fakulta v Plzni.
|t Učební texty vysokých škol
|
| 910 |
|
|
|a BOA001
|b 4-1422.659
|
| 990 |
|
|
|a BK
|
| 991 |
|
|
|b 201905
|c NOV
|
| 996 |
6 |
|
|b 2610773989
|c 4-1422.659
|l MZK
|r Sklad / do 1 hodiny
|n 0
|p dar
|w 001712558
|u 000010
|a 1
|e BOA001
|j MZK50
|s P
|